| 000 | 00365nam a22001217a 4500 | ||
|---|---|---|---|
| 008 | 240910b |||||||| |||| 00| 0 eng d | ||
| 040 |
_aNational Science Library _cNational Science Library |
||
| 080 | _aR 621/.1/.2+621.4(038)=00 | ||
| 100 | _aJozsef, V | ||
| 245 | _aVizgepek belso egesu motorok | ||
| 260 |
_aLeipzig: _bS Hirzel Verlag, _c1962 |
||
| 942 |
_2udc _cREF |
||
| 999 |
_c66689 _d66689 |
||